00437nam a22001572 4500001001100000005001700011008004100028040001500069100003500084245005200119250001300171260003200184300001800216651004200234852000300276000000972420151217155842.0081123s xx 000 0 eng d aKABUcKABU1 aCalvert, Albert F.@000016147914aThe German African empire /cAlbert F. Calvert. a1st ed. aLondon :bT. Werner,c1916. axxix, 335 p. 0aGermayxColonieszAfrica.@00001614801